000 00566nam a2200217 a 4500
001 0001-2270
003 ELIB.Books
008 190813 2010 eng
020 _aKBTS
092 _a270.92
_bTil
100 _aTillich, Paul.
245 _aA Complete History of Christian Thought
260 _aNew York
_bHapper & Row, Publishers
_c1968
300 _a252
_c21.5cm
650 _aChurch History
856 _nKBTS Library
_uKBTS Elib
942 _2ddc
_cBK
990 _a1
998 _aEnglishbooks.elf
_ccat
_e2019-08-13
999 _c12270
_d12270